|
|
|
|
| LEADER |
00000nab a2200000 a 4500 |
| 001 |
vtls000795682 |
| 003 |
SK-MaSNL |
| 005 |
20260304114349.0 |
| 008 |
250429c2001 xo 0 slo |
| 015 |
|
|
|a SNBRB2002/07-21536
|
| 035 |
|
|
|a CLN000147337
|
| 035 |
|
|
|a urn:nbn:sk:snk-abd4bv
|
| 035 |
|
|
|a (urnnbn)urn:nbn:sk:snk:ar-007o97
|
| 035 |
|
|
|a (uuid)f8be8fb1-596b-43a4-a513-4365420f5256
|
| 040 |
|
|
|a SNKBUCL
|b slo
|c SNKBUCL
|e AACR2
|
| 041 |
0 |
|
|a slo
|
| 044 |
|
|
|a xo
|c SK
|
| 080 |
|
|
|a 615.814.1:618.177-08
|2 1997
|
| 100 |
1 |
|
|a Korman, Rastislav
|4 aut
|9 494357
|
| 245 |
1 |
0 |
|a Elektroakupunktúra podľa Volla a Matrimonium sterille (neplodnosť)
|c Rastislav Korman, Margita Kormanová
|
| 504 |
|
|
|a Bibliogr. odkazy
|
| 650 |
0 |
7 |
|a elektroakupunktúra
|2 snkbucl
|9 19050
|
| 650 |
0 |
7 |
|a akupunktúra
|2 snkbucl
|9 2623
|
| 650 |
0 |
7 |
|a neplodnosť
|2 snkbucl
|9 2547
|
| 655 |
|
7 |
|a články z novín a časopisov
|2 snkbucl
|9 267496
|
| 700 |
1 |
|
|a Kormanová, Margita
|4 aut
|9 494359
|
| 773 |
0 |
|
|t Acupunctura bohemo slovaca
|g Roč. 8, č. 4 (2001), s. 13
|x 1335-5627
|
| 850 |
|
|
|a Slovenská národná knižnica
|
| 852 |
|
|
|a Slovenská národná knižnica
|
| 954 |
|
|
|a odborná, vedecká literatúra pôvodná (slovenská)
|2 lita
|
| 958 |
|
|
|a article17
|
| 958 |
|
|
|a MI
|
| 958 |
|
|
|a NB
|
| 958 |
|
|
|a OND
|
| 958 |
|
|
|a EUIPO
|
| 999 |
|
|
|c 2872621
|d 2874551
|